000 01355cam a22003977a 4500
003 CHAP
005 20220817044036.0
008 050824d2002 mx d r 00110 spa d
010 _a90775
011 _a91747
020 _a9681854500
035 _a102310
040 _cCHAP
082 0 4 _a338.1
_bG87
100 0 0 _aGuerra Espinal, Guillermo.
_951124
245 1 3 _aLa planificación estratégica en el agronegocio
_c/por Guillermo Guerra Espinal y Alfredo Aguilar Valdés
260 _aMéxico, D.F. :
_bUTHEA,
_cc.2002
300 _a114 p. :
_bcuadros ; diagramas
590 _aBATCH-UPD
_b10
_c20130110
_lUCH01
_h0100
590 _aBATCH-UPD
_b10
_c20130110
_lUCH01
_h0608
590 _aBATCH-UPD
_b10
_c20130409
_lUCH01
_h2049
590 _aBATCH-UPD
_b10
_c20130410
_lUCH01
_h1210
590 _aBATCH-UPD
_b10
_c20130913
_lUCH01
_h2314
590 _aBATCH-UPD
_b10
_c20130914
_lUCH01
_h1555
590 _aCONVERSION
_b10
_c20130109
_lUCH01
_h1350
650 0 4 _aEmpresas agropecuarias.
_936649
650 1 4 _aAgricultura
_xAspectos económicos.
650 1 4 _aIndustrias agrícolas.
_957925
650 1 4 _aNegocios.
_980696
700 0 _aAguilar Valdés, Alfredo.
_92867
901 _aBK
905 _aMarco A. Mendoza T.
911 _aCustodia
942 _cLIBRO
949 _a338.1 G87
_bBC
_cLIBRO
_d33724000976833
_eLIBRO
_gI.c/e
_h106597
_i102310
_si
_t$65.00
999 _c90775
_d90775